LEADER 00914nam a22002531i 4500 001 991002116119707536 005 20040211171051.0 008 040407s1931 it a||||||||||||||||ita 035 $ab1287307x-39ule_inst 035 $aARCHE-085269$9ExL 040 $aDip.to Scienze Storiche$bita$cA.t.i. Arché s.c.r.l. Pandora Sicilia s.r.l. 082 04$a914.5 110 2 $aTouring club italiano$05623 245 10$aLombardia /$cTouring club italiano 260 $aMilano :$bTouring club italiano,$c1931 300 $a253 p. :$bill. ;$c29 cm 440 0$aAttraverso l'Italia ;$v2/1 651 4$aLombardia$xGuide 907 $a.b1287307x$b02-04-14$c16-04-04 912 $a991002116119707536 945 $aLE009 GEOG.14.413-54/1$g1$i2009000162112$lle009$o-$pE0.00$q-$rn$so $t0$u0$v0$w0$x0$y.i13434111$z16-04-04 996 $aLombardia$9148875 997 $aUNISALENTO 998 $ale009$b16-04-04$cm$da $e-$fita$git $h0$i1